zpět

Detail výsledku týmu

Na Hřišti Rudolfov, Rudolfov

Datum a čas kvízu

30 Celkem bodů Celkový počet nahraných bodů na tomto kvízu bez doplňovacích otázek.
5. Pořadí na kvízu Konečné umístění týmu na tomto kvízu.

Zaznamenané odpovědi

# Otázka Odpověď Body Výsledky
1. Velmi netradiční problém musel... bobr 1
2. Na českém internetu se objevil... vrtulník 0
3. Památkou roku České republiky... poblíž Tachova 0
4. Minulý týden oznámila italská... Silvio Berlusconi 1
5. Který německý fotbalový klub s... Bayer Leverkusen 0
6. V pěti otázkách tohoto tématu... na 2. stupni 0
7. Jaká je denní dávka kuchyňské... B 1
8. Jak se nazývá původem japonská... C) gomasio 0
9. Nejen lidé, ale i zvířata potř... liz 1
10. Chcete-li si užít blahodárného... D) Bad Ischl 1